GIS and remote sensing applications in biogeography and ecology
Αποθηκεύτηκε σε:
| Άλλοι συγγραφείς: | , , |
|---|---|
| Μορφή: | Βιβλίο |
| Γλώσσα: | English |
| Δημοσίευση: |
Boston :
Kluwer Academic Publishers,
c2001
|
| Σειρά: | Kluwer international series in engineering and computer science
|
| Θέματα: | |
| Ετικέτες: |
Προσθήκη ετικέτας
Δεν υπάρχουν, Καταχωρήστε ετικέτα πρώτοι!
|
MARC
| LEADER | 00000nam a2200000 i 4500 | ||
|---|---|---|---|
| 001 | 1/37780 | ||
| 008 | 030626s2001 eng d | ||
| 020 | |a 0-7923-7454-1 | ||
| 035 | |l 10070319 | ||
| 040 | |a GR-MY-UA |b gre |e aacr | ||
| 041 | 0 | |a eng | |
| 082 | 0 | |a 578.09 |2 (21) | |
| 245 | 1 | 0 | |a GIS and remote sensing applications in biogeography and ecology / |c edited by Andew C. Millington, Stephen J. Walsh and Patrick E. Osborne |
| 260 | |a Boston : |b Kluwer Academic Publishers, |c c2001 | ||
| 300 | |a 333 σ.; |b εικ., χαρτ.; |c 25 εκ.+ |e 1 οπτικός δίσκος Η/Υ (4 3/4 ιν.) | ||
| 490 | 1 | |a Kluwer international series in engineering and computer science | |
| 504 | |a Περιέχει βιβλιογραφία και ευρετήριο | ||
| 650 | 0 | 0 | |a Biogeography |x Remote sensing. |
| 650 | 0 | 0 | |a Ecology |x Remote sensing. |
| 650 | 0 | 0 | |a Geographic information systems. |
| 700 | 1 | |a Millington, A. C. |4 edt | |
| 700 | 1 | |a Walsh, Stephen Joseph |d 1951- |4 edt | |
| 700 | 1 | |a Osborne, Patrick E. |4 edt | |
| 830 | 0 | |a Kluwer international series in engineering and computer science | |
| 852 | |a INST |b LESVOS |e 20030626 |h 578.09 GIS |p 005100027039 |q 005100027039 |t BK |y 0 | ||
| 852 | |a INST |b LESVOS |e 20030708 |h 578.09 GIS |p 005100027038 |q 005100027038 |t BK |y 0 | ||
| 901 | |a BIBL1-2003-2 | ||
| 909 | |a Λ |b 105359 | ||
| 922 | |a 1ΕΛΗ |b 200305 |c ΕΠΕΑΕΚ2/ΤΓ |d ΠΑΠΑΣΩΤΗΡΙΟΥ & ΕΛΕΥΘΕΡΟΥΔΑΚΗΣ | ||
| 950 | |a 118-2002-10-05 | ||
| 970 | |a ΚΑΡΑ |b ΓΙΑΣΕΜΗ |z 2003/07/08 | ||